000 01337cam a2200313 i 4500
001 73988
003 BD-RjUL
005 20211209082453.0
008 160107s2016 ii b 000 0 eng d
020 _a9788182748477 (hardback)
_cRs. 1095.00
020 _a818274847X (hardback)
035 _aBD-RjUL74206
040 _aDKAGE
_beng
_erda
_cDKAGE
_dDLC
041 _aeng
082 _222
_a307.120954
_bIND 2016
245 0 0 _aIndia's look east to act east policy :
_btracking the opportunities and challenges in the Indo-Pacific /
_cedited by ManMohini Kaul, Anushree Chakraborty.
300 _axxvii, 300 pages :
_bmaps (black and white) ;
_c24 cm
504 _aIncludes bibliographical references (pages 290-292) and index.
650 0 _aRegional planning
_zIndo-Pacific Region.
_9219645
650 0 _aNational security
_zSouth China Sea
_xInternational cooperation.
_9219646
650 0 _aConflict management
_zSoutheast Asia.
_9219647
651 0 _aIndo-Pacific Region
_xForeign relations
_zIndia.
_9135732
651 0 _aIndia
_xForeign relations
_zIndo-Pacific Region.
_9219648
651 0 _aSouth China Sea
_xNavigation
_xSafety measures
_xInternational cooperation.
_9219649
700 1 _aKaul, Man Mohini,
_eeditor.
_9219650
700 1 _aChakraborty, Anushree,
_eeditor.
_9219651
942 _2ddc
_cBK
999 _c73988
_d73988